|
|
|
|
| LEADER |
00000nab a2200000 a 4500 |
| 001 |
vtls000362286 |
| 003 |
SK-MaSNL |
| 005 |
20260304081235.0 |
| 008 |
250424c1989 xo 0 slo |
| 015 |
|
|
|a SNBRB19rr/mm-uuuuu
|
| 035 |
|
|
|a CL0362408
|
| 035 |
|
|
|a (urnnbn)urn:nbn:sk:snk:ar-004tis
|
| 035 |
|
|
|a (uuid)b9a2dffe-8bd9-4f27-ac65-3e276f59ce1a
|
| 035 |
|
|
|a urn:nbn:sk:snk-ab7xpi
|
| 040 |
|
|
|a SNKBUCL
|b slo
|c SNKBUCL
|e AACR2
|
| 041 |
0 |
|
|a slo
|
| 044 |
|
|
|a xo
|c SK
|
| 080 |
|
|
|a 800(437.6)
|2 1981
|
| 080 |
|
|
|a 808.54
|2 1981
|
| 100 |
1 |
|
|a A.M.
|4 aut
|9 935298
|
| 245 |
1 |
0 |
|a Dvonč, L.: Slovenskí jazykovedci
|c A. M.
|
| 650 |
0 |
7 |
|a jazykoveda slovenská
|2 snkbucl
|9 857690
|
| 650 |
0 |
7 |
|a jazykovedci slovenskí
|2 snkbucl
|9 27760
|
| 655 |
|
7 |
|a články z novín a časopisov
|2 snkbucl
|9 267496
|
| 700 |
1 |
|
|a Dvonč, Ladislav,
|d 1926-2003
|4 aut
|9 101854
|
| 773 |
0 |
|
|t Historický časopis
|g Roč. 37, č. 2 (1989), s. 328
|
| 787 |
0 |
8 |
|i Rec.:
|a Dvonč, L.
|t Slovenskí jazykovedci
|d Martin : MS, 1987
|
| 850 |
|
|
|a Slovenská národná knižnica
|
| 852 |
|
|
|a Slovenská národná knižnica
|
| 954 |
|
|
|a odborná, vedecká literatúra pôvodná (slovenská)
|2 lita
|
| 958 |
|
|
|a article9
|
| 958 |
|
|
|a OND
|
| 958 |
|
|
|a RK
|
| 958 |
|
|
|a EUIPO
|
| 992 |
|
|
|a RBX
|
| 999 |
|
|
|c 2790036
|d 2791966
|